| 000 | 00847nam a22002177a 4500 | ||
|---|---|---|---|
| 999 |
_c173030 _d173030 |
||
| 005 | 20200318122102.0 | ||
| 010 | _aB-80716 | ||
| 020 |
_c80.00 _a8187667834 |
||
| 035 | _aB-80716 | ||
| 037 | _bBPPD/Ven. | ||
| 082 | _aک | ||
| 100 | _aکد ا ر نا تھ شر ما | ||
| 245 |
_aا فسانے ا پنے پراۓ / _cکدار ناتھ شرما |
||
| 246 |
_aAfsane Apne Paraye / _bby Kidar Nath Sharma |
||
| 260 |
_aDelhi _c2003 _bEducational publishing House |
||
| 270 |
_a3108,Vakil Street,Kucha Pandit, Lal kuan, _bDelhi _e- _k- |
||
| 300 |
_a96 ص _c22 Cm (Hb) |
||
| 942 |
_2ddc _cUR _hک _mش ر م |
||